000 00534nam a2200181Ia 4500
008 151018s9999 xx 000 0 und d
082 _bRBASDV51983
_a891.463
100 _aहेमंत कर्णिक
245 _aडेडली किलर
250 _b1
260 _bपारस
_c2010
300 _a261
600 _aहेमंत कर्णिक
630 _aडेडली किलर
700 _aहेमंत कर्णिक
730 _aडेडली किलर
942 _cBOOK
999 _c1050734
_d1050731